000 00296nam a2200133Ia 4500
100 _aUyemura/John P
942 _cBK
654 _adigital
245 _aFirst course in digital system design
260 _bThomsan Learning
_c2000
082 _a621.395
_bUYE
300 _a495
546 _aENGLISH
999 _c31156
_d31156